Les 20 plus hauts sommets du Massif Central - Statistiques

Statistiques générales
  • Ce quiz a été pris 57 fois
  • Le résultat moyen est 4 sur 20
Statistiques - réponses
Hauteur (en m) Sommets % Correct
1885 Puy du Sancy
93%
1783 Puy Mary
76%
1855 Plomb du Cantal
64%
1753 Mont Mézenc
29%
1854 Puy Ferrand
22%
1740 Puy de l'Angle
20%
1824 Puy de la Perdrix
20%
1784 Puy de Cacadogne
18%
1806 Puy de Peyre Arse
16%
1793 Puy Gros
16%
1806 Puy Brunet
13%
1811 Puy du Rocher
11%
1781 Puy Redon
11%
1762 Puy des Crebasses
9%
1768 Pan de la Grange
7%
1740 Puy de Paillaret
7%
1746 Tour Carrée
7%
1744 Mont Mézenc-Nord
4%
1768 Puy de la Cède
4%
1742 Puy de Peyre Arse-Nord
2%
Aucun quiz correspondant
Distribution des résultats
% des personnes avec chaque résultat
Percentile par nombre de réponses
Votre historique - résultats
Vous n’avez pas pris ce quiz